Šesťdesiat rokov služobníkom evanjelia v Japonsku

Bibliographic Details
Main Authors: Grochálová, Martina, 1976- (Author, Interviewer), Foltin, Štefan, 1918- (Author)
Format: Article
Language:Slovak
PhysicalDescription:Fotogr.
ISSN:0139-8512
Subjects:

MARC

LEADER 00000nab a2200000 ar4500
001 vtls009450855
003 SK-MaSNL
005 20260304045440.0
008 081202c2008 xo mr|p|||||||000 b|slo
015 |a SNBRB2008/12  |2 snkbucl 
038 |a SNKBUCL 
040 |a SNKBUCL  |b slo  |c SNKBUCL  |e AACR2 
041 0 |a slo 
044 |a xo  |c SK 
080 |a 266-051  |2 1997 
100 1 |a Grochálová, Martina,  |d 1976-  |4 aut  |4 ivr  |9 231674 
245 1 0 |a Šesťdesiat rokov služobníkom evanjelia v Japonsku  |c Martina Grochálová 
300 |b Fotogr. 
600 1 7 |a Foltin, Štefan,  |d 1918-2010  |2 snkbucl  |9 198719 
650 0 7 |a misie  |2 snkbucl  |9 4097 
651 7 |a Japonsko  |2 snkbucl  |9 16392 
700 1 |a Foltin, Štefan,  |d 1918-  |4 aut  |4 ive  |9 1329779 
773 0 |t Katolícke noviny  |g Roč. 123, č. 48 (2008), s. 13 a 32  |x 0139-8512 
852 |a SNK  |b KIS3GCP 
958 |a BX 
999 |c 2692430  |d 2694360